Teoría de la justicia /
Guardado en:
| Autor Principal: | |
|---|---|
| Formato: | Libro |
| Idioma: | Undetermined |
| Publicado: |
México :
Fondo de Cultura Económica,
1993.
|
| Edición: | 1a. reimp. |
| Series: | Sección de obras de filosofía
|
| Materias: | |
| Etiquetas: |
Agregar Etiqueta
Sin Etiquetas, Sea el primero en etiquetar este registro!
|
| LEADER | 00504nam a22001695a 4500 | ||
|---|---|---|---|
| 001 | DER.der014797 | ||
| 008 | 230210s1993####mx############000#0#und#d | ||
| 005 | 20251023091336.0 | ||
| 245 | 1 | 0 | |a Teoría de la justicia / |c Ralws, John. |
| 250 | |a 1a. reimp. | ||
| 260 | |a México : |b Fondo de Cultura Económica, |c 1993. | ||
| 300 | |a 654 p. | ||
| 490 | 1 | |a Sección de obras de filosofía | |
| 020 | |a 9505571255 | ||
| 100 | 1 | |a Ralws, John. | |
| 650 | 7 | |a FILOSOFIA DEL DERECHO | |
| 859 | |a DERECHO |b BIB. DERECHO |h 340.11 |i RAW |p 0010191 | ||
